Interpretation et creation du droit international : esquisses d'une hermeneutique juridique moderne pour le droit international public
Αποθηκεύτηκε σε:
| Κύριος συγγραφέας: | |
|---|---|
| Μορφή: | Βιβλίο |
| Γλώσσα: | French |
| Δημοσίευση: |
Bruxelles :
Bruylant, Unniversite de Bruxelles,
2006
|
| Σειρά: | Collection de droit interational (Brussels, Belgium)
; 63 |
| Θέματα: | |
| Ετικέτες: |
Προσθήκη ετικέτας
Δεν υπάρχουν, Καταχωρήστε ετικέτα πρώτοι!
|
MARC
| LEADER | 00000nam a2200000 i 4500 | ||
|---|---|---|---|
| 001 | 1/80802 | ||
| 008 | 080407s2006 fre d | ||
| 020 | |a 2-8027-2249-2 | ||
| 035 | |l 10096308 | ||
| 040 | |a GR-MY-UA |b gre |e aacr | ||
| 041 | 0 | |a fre | |
| 082 | 0 | |a 341 |2 (22) | |
| 100 | 1 | |a Kolb, Robert. | |
| 245 | 1 | 0 | |a Interpretation et creation du droit international : |b esquisses d'une hermeneutique juridique moderne pour le droit international public / |c Robert Kolb |
| 260 | |a Bruxelles : |b Bruylant, |b Unniversite de Bruxelles, |c 2006 | ||
| 300 | |a x, 959 σ.; |c 24 εκ. | ||
| 490 | 1 | |a Collection de droit interational |v ; 63 | |
| 504 | |a Βιβλιογραφία: σ. [933]-947 | ||
| 650 | 0 | 0 | |a International law |x Interpretation and construction. |
| 830 | 0 | |a Collection de droit interational (Brussels, Belgium) |v ; 63 | |
| 852 | |a INST |b LESVOS |e 20080407 |h 341 KOL |p 005100039533 |q 005100039533 |t BK |y 0 | ||
| 901 | |a BIBL1-2008-1 | ||
| 909 | |a Λ |b 142894 | ||
| 922 | |a 1ΕΛΗ |b 200712 |c ΕΠΕΑΕΚ2/ΤΚ |d ΕΛΕΥΘΕΡΟΥΔΑΚΗΣ | ||
| 970 | |a ΚΑΡΑ |b ΓΙΑΣΕΜΗ |z 2008/04/07 | ||